| 000 | 00925nam a2200289 i 4500 | ||
|---|---|---|---|
| 001 | bg | ||
| 100 | 1 | _aPRUSZKOWSKA, Małgorzata. | |
| 245 | 0 | 0 |
_aHydrogeochemia wód podziemnych z utworów czwartorzędu Pojezierza Kaszubskiego / _cMałgorzata Pruszkowska. |
| 260 |
_aGdańsk : _bWydaw. PG, _c2004. |
||
| 300 |
_a87 s. : _bil. + _e24 cm. |
||
| 490 | 1 |
_aMonografie / Politechnika Gdańska ; _v51 |
|
| 500 | _aStreszcz. pol., ang. | ||
| 504 | _aBibliogr. | ||
| 650 | 9 |
_aWody podziemne _xbadanie _zPolska |
|
| 650 | 9 |
_aWody podziemne _xchemia _xbadanie |
|
| 650 | 9 | _aHydrogeologia | |
| 650 | 9 |
_aCzwartorzęd _xbadanie _zPolska |
|
| 651 | 9 |
_aKaszubskie, Pojezierze _xhydrogeologia |
|
| 830 | 0 |
_aMonografie (Politechnika Gdańska) ; _v51 |
|
| 020 | _a837348101X | ||
| 040 | _cBPK | ||
| 041 | 0 |
_apol _beng |
|
| 080 | _a556.3(438) | ||
| 920 | _a83-7348-101-X | ||
| 942 | _cKS | ||
| 008 | s pl f |000 0 pol | ||
| 999 |
_c45899 _d45899 |
||
| 856 |
_uhttp://koha.tu.koszalin.pl/cgi-bin/koha/opac-detail.pl?biblionumber=45899 _yKatalog online BPK |
||